Role of Islam in South Asia (Record no. 9340)
[ view plain ]
| 000 -LEADER | |
|---|---|
| fixed length control field | 00740nam a2200265 a 4500 |
| 020 ## - INTERNATIONAL STANDARD BOOK NUMBER | |
| ISBN | |
| 082 00 - DEWEY DECIMAL CLASSIFICATION NUMBER | |
| Classification number | 297.0954 |
| Author Cutter | GAD |
| 100 ## - MAIN ENTRY--AUTHOR NAME | |
| Author name | Gadre, G D |
| 245 ## - TITLE STATEMENT | |
| Title | Role of Islam in South Asia |
| Sub title | Past, Present and Future. |
| 260 ## - PUBLICATION, DISTRIBUTION, ETC. (IMPRINT) | |
| Place of publication | Pune |
| Name of publisher | Al-Fatiha Foundation |
| Year of publication | 1990 |
| 300 ## - PHYSICAL DESCRIPTION | |
| Number of Pages | 118p. |
| 500 ## - GENERAL NOTE | |
| General note | includes index and biblioraphy |
| 505 2# - FORMATTED CONTENTS NOTE | |
| Formatted contents note | Papers presented to the islamic studies group of american academy of religion. |
| 650 ## - SUBJECT ADDED ENTRY--TOPICAL TERM | |
| Topical Term | Islam-India |
| 650 ## - SUBJECT ADDED ENTRY--TOPICAL TERM | |
| Topical Term | Islam-Relations Hinduism |
| 650 ## - SUBJECT ADDED ENTRY--TOPICAL TERM | |
| Topical Term | Islam and Politics |
| 942 ## - ADDED ENTRY ELEMENTS (KOHA) | |
| Koha item type | Books |
| 700 1# - | |
| -- | Gadre, G D |
| Home library | Current library | Date acquired | Cost, normal purchase price | Full call number | Accession Number | Koha item type |
|---|---|---|---|---|---|---|
| Henry Martyn Institute Library | Henry Martyn Institute Library | 10/09/2018 | 110.00 | 297.0954 GAD | 014156 | Books |
| Henry Martyn Institute Library | Henry Martyn Institute Library | 10/09/2018 | 110.00 | 297.0954 GAD | 014695 | Books |
